Formuła 1 - nazwy GP w XXI wieku - Statystyki

Ogólne statystyki
  • Ten quiz został rozwiązany 758 razy
  • Średni wynik to 27 z 40
Statystyki odpowiedzi
Sezony Kontynent Nazwa Grand Prix % Poprawnych
2001-2019, 2022-2023 Australia i Oceania GP Australii
91%
2001-2007, 2012-2019, 2021-2023 Ameryka GP Stanów Zjednoczonych
91%
2001-2023 Europa GP Włoch
89%
2001-2023 Europa GP Hiszpanii
88%
2001-2006, 2008-2014, 2016, 2018-2019 Europa GP Niemiec
88%
2001-2019, 2022-2023 Azja GP Japonii
87%
2004-2019 Azja GP Chin
86%
2001-2019 Ameryka GP Brazylii
85%
2001-2023 Europa GP Wielkiej Brytanii
84%
2015-2019, 2021-2023 Ameryka GP Meksyku
83%
2001-2008, 2018-2019, 2021-2022 Europa GP Francji
82%
2001-2002, 2004-2005, 2007-2023 Europa GP Belgii
81%
2014-2021 Azja GP Rosji
81%
2001-2003, 2014-2023 Europa GP Austrii
80%
2001-2008, 2010-2019, 2022-2023 Ameryka GP Kanady
80%
2021-2023 Europa GP Holandii
79%
2001-2023 Europa GP Węgier
79%
2001-2019, 2021-2023 Europa GP Monako
78%
2022-2023 Ameryka GP Miami
77%
2023 Ameryka GP Las Vegas
76%
2021, 2023 Azja GP Kataru
73%
2021-2023 Azja GP Arabii Saudyjskiej
72%
2004-2010, 2012-2023 Azja GP Bahrajnu
72%
2020-2021 Europa GP Portugalii
72%
2005-2011, 2020-2021 Azja GP Turcji
72%
2017-2019, 2021-2023 Azja GP Azerbejdżanu
70%
2008-2019, 2022-2023 Azja GP Singapuru
69%
2001-2017 Azja GP Malezji
68%
2011-2013 Azja GP Indii
61%
2001-2012, 2016 Europa/Azja GP Europy
56%
2010-2013 Azja GP Korei Południowej
56%
2001-2006 Europa GP San Marino
52%
2009-2023 Azja GP Abu Zabi
51%
2020-2023 Europa GP Emilii-Romanii
51%
2020-2021 Europa GP Styrii
41%
2020 Azja GP Sakhiru
30%
2020 Europa GP Toksanii
30%
2020 Europa GP 70-Lecia
27%
2021-2023 Ameryka GP Sao Paulo
27%
2020 Europa GP Eifelu
24%
Nie znaleziono quizów pasujących do podanych kryteriów
Rozkład punktacji
Procent ludzi z każdym wynikiem
Percentyl według liczby udzielonych odpowiedzi
Twoja historia wyników
Nie rozwiązałeś tego quizu